000 00655nam a2200241Ia 4500
003 OSt
005 20220918210252.0
006 a|||||r|||| 00| 0
007 ta
008 220917b |||||||| |||| 00| 0 eng d
024 _a119,901
037 _cTextual
040 _aARTS
_cARTS
_beng
041 _2eng
_aeng
082 _aV687.N7, L4
100 _aBienen Henry
_996800
245 0 _aKenya
_b The politics of participation and control
260 _aPrinceton
_bPrinceton University Press
_c1974
300 _avii, 215p.
_ccm.
650 _aHISTORY
942 _hV687.N7, L4
_cTEXL
_2CC
999 _c243159
_d243159